Democracia, participación ciudadana y educación /
Uloženo v:
| Hlavní autor: | |
|---|---|
| Médium: | Text |
| Tagy: |
Přidat tag
Žádné tagy, Buďte první, kdo vytvoří štítek k tomuto záznamu!
|
MARC
| LEADER | 00000 a a2200000 04500 | ||
|---|---|---|---|
| 001 | 4337 | ||
| 003 | |||
| 040 | |||
| 100 | |a Fiallos Oyanguren, Mariano | ||
| 245 | |a Democracia, participación ciudadana y educación / |c Mariano Fiallos Oyanguren | ||
| 773 | |g número 44; páginas 15-35 | ||
| 999 | |c 25541 |d 25541 | ||
